| 000 | 01121nam a2200205Ia 4500 | ||
|---|---|---|---|
| 003 | Ost | ||
| 005 | 20260507075023.0 | ||
| 008 | 260507s9999||||xx |||||||||||||| ||und|| | ||
| 040 | _cfsecg | ||
| 041 | _aara | ||
| 082 | _a330 | ||
| 100 |
_aحمادة، محمد أنور _eمؤلف |
||
| 245 | 0 |
_aقواعد وإجراءات تنظيم المناقصات والمزايدات والعقود الإدارية / _c محمد أنور حمادة |
|
| 260 |
_aالاسكندرية: _bدار الفكر الجامعي, _c2003 |
||
| 300 |
_a192 صفحة؛ _bإيضاحات ؛ _c24 سم |
||
| 520 | _aتعريف العقد الإداري ومقوماته- أحكام إبرام العقد الإداري- الاثار المترتبة على العقد الإداري- أنواع العقود الإدارية- أحكام عامة في التعاقد- إختصاص مجلس الدولة بمنازعات العقود الإدارية - أحكام وفتاوى في المناقصات والمزايدات | ||
| 653 | _aالعقود الإدارية | ||
| 653 | _aالمناقصات والمزايدات | ||
| 942 | _cكتاب | ||
| 999 |
_c42302 _d42302 |
||